| 000 | 00750nam a2200253 i 4500 | ||
|---|---|---|---|
| 001 | bg | ||
| 100 | 1 | _aPAPERT, Seymour | |
| 245 | 1 | 0 |
_aBurze mózgów : _bdzieci i komputery / _cSeymour Papert ; [z ang. tł. Tadeusz Tymosz]. |
| 246 |
_iTyt. oryg.: _aMindstorms |
||
| 260 |
_aWarszawa : _bWydaw. Naukowe PWN, _c1996. |
||
| 300 |
_a250, [2] s. : _brys. ; _c21 cm. |
||
| 500 | _aOryg.: "Mindstorms" 1980. | ||
| 504 | _aIndeks. | ||
| 650 | 9 | _aDziecko a komputery | |
| 650 | 9 |
_aKomputery _xstosowanie _xnauczanie |
|
| 655 | _aPodręczniki akademickie | ||
| 020 | _a8301121971 | ||
| 040 | _cBPK | ||
| 041 | 1 |
_apl _hen |
|
| 080 | _a371.3:004]-053.2(075.8) | ||
| 920 | _a83-01-12197-1 | ||
| 942 | _cKS | ||
| 008 | s pl f |000 0 pol | ||
| 999 |
_c36103 _d36103 |
||
| 856 |
_uhttp://koha.tu.koszalin.pl/cgi-bin/koha/opac-detail.pl?biblionumber=36103 _yKatalog online BPK |
||